Normal view
MARC view
- Malay language
Entry Topical Term
001 - CONTROL NUMBER
- control field: 8296
003 - CONTROL NUMBER IDENTIFIER
- control field: OSt
005 - DATE AND TIME OF LATEST TRANSACTION
- control field: 20170525155944.0
008 - FIXED-LENGTH DATA ELEMENTS
- fixed length control field: 170525|| aca||aabn | a|a d
040 ## - CATALOGING SOURCE
- Original cataloging agency: OSt
- Transcribing agency: OSt
150 ## - HEADING--TOPICAL TERM
- Topical term or geographic name entry element: Malay language
- Form subdivision: Readers
- General subdivision: History
670 ## - SOURCE DATA FOUND
- Source citation: Work cat.: (OSt)0: Mohd. Zahari Ishak 518, Liku-liku menuju kemerdekaan /, 2006

PORTAL AKMAL
E-MEL JKDM
AKMAL2U
G-BAM
u-PUSTAKA